[Event "Ukrainian e-mail Cup, the 2nd semifinal"]
[Site "2PFK"]
[Date "2003.??.??"]
[Round "?"]
[White "Degteriov, P.."]
[Black "Khudoly, K.."]
[Result "1/2-1/2"]
[WhiteElo "2081"]
[BlackElo "2100"]
[PlyCount "116"]
[EventDate "2003.??.??"]

1. e4 c6 2. d4 d5 3. e5 Bf5 4. Nf3 h6 5. Nh4 Bh7 6. e6 Qd6 7. exf7+ Kxf7 8. f4
c5 9. Bd3 cxd4 10. O-O Nf6 11. Bxh7 Rxh7 12. Qxd4 e6 13. Kh1 Qa6 14. Qd1 Nc6
15. Nd2 Bd6 16. b3 g5 17. fxg5 hxg5 18. Bb2 Be7 19. Nhf3 Rg8 20. Ne5+ Nxe5 21.
Bxe5 Rg6 22. Qf3 Ke8 23. Rae1 Rgh6 24. h3 g4 25. Qg3 Rg7 26. c4 Qc6 27. Bxf6
Rxf6 28. Rxf6 Bxf6 29. Qf4 Rg6 30. hxg4 Bg5 31. Qd4 Rh6+ 32. Kg1 Bxd2 33. Qxd2
Qc5+ 34. Qe3 Qxe3+ 35. Rxe3 Kd7 36. g5 Rg6 37. Rg3 d4 38. Kf2 Kd6 39. Kf3 b5
40. Ke4 bxc4 41. Kxd4 cxb3 42. axb3 e5+ 43. Ke4 Ke6 44. b4 a6 45. Ra3 Kf7 46.
Kf5 Rb6 47. Rc3 Rxb4 48. g6+ Kg8 49. Rc8+ Kg7 50. Rc7+ Kg8 51. Ra7 Rb2 52. g3
Rf2+ 53. Kxe5 Rf3 54. g4 Rf1 55. Rc7 Rf8 56. Kd5 Ra8 57. Kc4 Re8 58. Kb4 Re4+
1/2-1/2

[Event "Ukrainian e-mail Cup, the 2nd semifinal"]
[Site "2PFK"]
[Date "2003.??.??"]
[Round "?"]
[White "Dovzhenko, V.."]
[Black "Ugrinovsky, A.."]
[Result "1-0"]
[WhiteElo "2231"]
[BlackElo "2275"]
[PlyCount "63"]
[EventDate "2003.??.??"]

1. e4 e5 2. Nf3 Nc6 3. Bc4 Nf6 4. Ng5 d5 5. exd5 Na5 6. Bb5+ c6 7. dxc6 bxc6 8.
Be2 h6 9. Nf3 e4 10. Ne5 Bd6 11. d4 exd3 12. Nxd3 Qc7 13. b3 O-O 14. Bb2 Nd5
15. c4 Nf4 16. Nxf4 Bxf4 17. Qd4 f6 18. Qe4 f5 19. Qc2 Nb7 20. h3 Rd8 21. O-O
Rb8 22. Bc3 Nc5 23. Nd2 Re8 24. Rfe1 g6 25. b4 Ne6 26. c5 a5 27. a3 Ra8 28. Bc4
axb4 29. axb4 Rxa1 30. Bxa1 Kh7 31. Bxe6 Bxe6 32. Qb2 1-0

[Event "Ukrainian e-mail Cup, the 2nd semifinal"]
[Site "2PFK"]
[Date "2003.??.??"]
[Round "?"]
[White "Zhelezny, A.."]
[Black "Sukhov, N.."]
[Result "0-1"]
[WhiteElo "2000"]
[BlackElo "2000"]
[PlyCount "100"]
[EventDate "2003.??.??"]

1. e4 c5 2. d4 cxd4 3. c3 dxc3 4. Nxc3 Nc6 5. Nf3 d6 6. Bc4 e6 7. O-O Nf6 8.
Qc2 Be7 9. Rd1 Bd7 10. Bf4 e5 11. Bg5 O-O 12. Bxf6 Bxf6 13. Nd5 Rc8 14. Qd3 Bg4
15. h3 Bxf3 16. Qxf3 Nd4 17. Nxf6+ Qxf6 18. Qxf6 gxf6 19. Bd3 Rc6 20. Rac1 Rfc8
21. Rxc6 bxc6 22. f3 Rb8 23. b3 a5 24. Rc1 Kg7 25. Rc4 Rb4 26. Kf2 d5 27. Rxb4
axb4 28. g3 Ne6 29. h4 h6 30. Bf1 Kf8 31. Ke3 Ke7 32. Ba6 Nd4 33. Bd3 Ke6 34.
g4 Kd6 35. Bf1 Ne6 36. Kd2 Nf4 37. h5 Ne6 38. Bd3 Nc5 39. Bb1 Ke7 40. Ke3 f5
41. exf5 d4+ 42. Kf2 Kf6 43. Bc2 Kg5 44. Kg3 d3 45. Bd1 f6 46. Kg2 Kf4 47. Kf2
e4 48. Kg2 e3 49. Kf1 Nd7 50. Kg1 Nb6 0-1

[Event "Ukrainian e-mail Cup, the 2nd semifinal"]
[Site "2PFK"]
[Date "2003.??.??"]
[Round "?"]
[White "Zhila, V.."]
[Black "Sokolov, V.."]
[Result "0-1"]
[WhiteElo "2000"]
[BlackElo "2000"]
[PlyCount "48"]
[EventDate "2003.??.??"]

1. d4 Nf6 2. Bg5 e6 3. e4 h6 4. Bxf6 Qxf6 5. Nc3 Bb4 6. Qd2 d6 7. a3 Ba5 8. f4
Bxc3 9. bxc3 e5 10. fxe5 Qh4+ 11. Qf2 Qxe4+ 12. Kd2 O-O 13. exd6 cxd6 14. Bd3
Qc6 15. Ne2 Nd7 16. Nf4 Nf6 17. Qf3 d5 18. Rhe1 Bg4 19. Qf2 Rac8 20. Ra2 Qxc3+
21. Kc1 g5 22. Re5 gxf4 23. Qxf4 Qxd3 24. Qxf6 Qd1+ 0-1

[Event "Ukrainian e-mail Cup, the 2nd semifinal"]
[Site "2PFK"]
[Date "2003.??.??"]
[Round "?"]
[White "Landik, Yu."]
[Black "Svidlo, A.."]
[Result "1-0"]
[WhiteElo "2000"]
[BlackElo "2000"]
[PlyCount "85"]
[EventDate "2003.??.??"]

1. e4 e6 2. d4 d5 3. Nd2 c5 4. exd5 exd5 5. Bb5+ Bd7 6. Qe2+ Be7 7. dxc5 Nf6 8.
Ngf3 O-O 9. Nb3 a6 10. Bd3 Bxc5 11. Nxc5 Qa5+ 12. c3 Qxc5 13. O-O Re8 14. Be3
Qe7 15. Rfe1 Bg4 16. Bg5 Qxe2 17. Bxe2 Ne4 18. Bf4 Nc6 19. Rad1 Rad8 20. h3
Bxf3 21. Bxf3 f5 22. Bc7 Rd7 23. Bb6 Ne5 24. Be2 Ree7 25. Bd4 Nc4 26. b3 Ncd6
27. Bf1 Ne8 28. Bd3 g6 29. f3 Ng5 30. Rxe7 Rxe7 31. Bc5 Rg7 32. Re1 Nc7 33. Bd4
Rd7 34. h4 Nge6 35. Be5 Nc5 36. Be2 b5 37. Kf2 N7e6 38. g3 a5 39. h5 Re7 40.
hxg6 hxg6 41. Rh1 Rh7 42. Rxh7 Kxh7 43. f4 1-0

[Event "Ukrainian e-mail Cup, the 2nd semifinal"]
[Site "2PFK"]
[Date "2003.??.??"]
[Round "?"]
[White "Kuznetsov, I.."]
[Black "Rybchenko, A.."]
[Result "1-0"]
[WhiteElo "2000"]
[BlackElo "2105"]
[PlyCount "89"]
[EventDate "2003.??.??"]

1. c4 e5 2. g3 Nc6 3. Bg2 g6 4. Nc3 Bg7 5. Rb1 a5 6. a3 d6 7. d3 Nf6 8. b4 axb4
9. axb4 O-O 10. b5 Nd4 11. e3 Ne6 12. Nge2 g5 13. O-O g4 14. f3 gxf3 15. Bxf3
Ng5 16. Bg2 e4 17. Nd4 Bg4 18. Qd2 Re8 19. Bb2 Qd7 20. h4 Nf3+ 21. Nxf3 Bxf3
22. Bxf3 exf3 23. Rxf3 Ng4 24. Nd5 Ra2 25. e4 c6 26. Nb4 Ne5 27. Rf2 Ra4 28.
Rbf1 Kh8 29. h5 h6 30. Bc3 Re7 31. Rf5 Ra3 32. Kh1 Kg8 33. Qc2 Ra8 34. Bd2 Rae8
35. Bf4 Kh7 36. Qg2 Rg8 37. Qf2 Kh8 38. Qe3 Ng4 39. Qb6 Rc8 40. Kg2 Kg8 41. Kh3
Ne5 42. g4 Re6 43. Qe3 Rf8 44. Qg3 Kh7 45. Nc2 1-0

[Event "Ukrainian e-mail Cup, the 2nd semifinal"]
[Site "2PFK"]
[Date "2003.??.??"]
[Round "?"]
[White "Kulik, G.."]
[Black "Omesj, V.."]
[Result "0-1"]
[WhiteElo "2100"]
[BlackElo "2000"]
[PlyCount "48"]
[EventDate "2003.??.??"]

1. e4 Nf6 2. e5 Nd5 3. d4 d6 4. Nf3 Bg4 5. Be2 e6 6. O-O Be7 7. c4 Nb6 8. Nc3
O-O 9. Be3 d5 10. c5 Bxf3 11. Bxf3 Nc4 12. Bf4 b6 13. b3 Na5 14. Rc1 bxc5 15.
dxc5 Nac6 16. Re1 Bg5 17. Nxd5 exd5 18. Bxg5 Qxg5 19. Qxd5 Kh8 20. Rcd1 a5 21.
e6 Qxd5 22. Bxd5 fxe6 23. Rxe6 Nd8 24. Re7 c6 0-1

[Event "Ukrainian e-mail Cup, the 2nd semifinal"]
[Site "2PFK"]
[Date "2003.??.??"]
[Round "?"]
[White "Rybchenko, A.."]
[Black "Kulik, G.."]
[Result "1-0"]
[WhiteElo "2105"]
[BlackElo "2100"]
[PlyCount "51"]
[EventDate "2003.??.??"]

1. e4 e5 2. Nf3 Nc6 3. Bb5 a6 4. Ba4 d6 5. O-O Bg4 6. h3 Bh5 7. c3 Nf6 8. Re1
Be7 9. d4 O-O 10. g4 Bg6 11. Nbd2 b5 12. Bb3 exd4 13. Nxd4 Nxd4 14. cxd4 d5 15.
e5 Ne4 16. Nxe4 Bxe4 17. Be3 c6 18. Rc1 Qd7 19. f3 Bg6 20. f4 Be4 21. f5 Rac8
22. Qd2 Rfe8 23. Rf1 a5 24. Bc2 Bb4 25. Qf2 a4 26. Qf4 1-0

[Event "Ukrainian e-mail Cup, the 2nd semifinal"]
[Site "2PFK"]
[Date "2003.??.??"]
[Round "?"]
[White "Saenko, O.."]
[Black "Kuznetsov, I.."]
[Result "1-0"]
[WhiteElo "2291"]
[BlackElo "2000"]
[PlyCount "39"]
[EventDate "2003.??.??"]

1. e4 e5 2. Nf3 Nc6 3. Bb5 a6 4. Ba4 Nf6 5. O-O Be7 6. d3 b5 7. Bb3 d6 8. c3
O-O 9. Re1 Na5 10. Bc2 c5 11. Nbd2 Qc7 12. Nf1 Be6 13. Ne3 Nc6 14. Ng5 Rad8 15.
Bb3 d5 16. Qe2 Qd6 17. exd5 Bxd5 18. Ne4 Bxe4 19. dxe4 Nxe4 20. Nf5 1-0

[Event "Ukrainian e-mail Cup, the 2nd semifinal"]
[Site "2PFK"]
[Date "2003.??.??"]
[Round "?"]
[White "Svidlo, A.."]
[Black "Krainyk, T.."]
[Result "0-1"]
[WhiteElo "2000"]
[BlackElo "2100"]
[PlyCount "60"]
[EventDate "2003.??.??"]

1. d4 Nf6 2. c4 e6 3. Nc3 Bb4 4. e3 O-O 5. Nge2 d5 6. a3 Be7 7. cxd5 exd5 8.
Nf4 c6 9. Bd3 Re8 10. O-O Bd6 11. Nfe2 Ne4 12. Bxe4 dxe4 13. f3 exf3 14. Rxf3
Bg4 15. Rf2 Qh4 16. g3 Qh5 17. Qb3 b6 18. e4 c5 19. Bf4 cxd4 20. Bxd6 dxc3 21.
Nxc3 Nd7 22. Nd5 Rxe4 23. Ne7+ Kh8 24. Qxf7 Qxf7 25. Rxf7 Nf6 26. Nc6 Re6 27.
Bf8 Kg8 28. Rxg7+ Kxf8 29. Rxa7 Rxa7 30. Nxa7 Bh3 0-1

[Event "Ukrainian e-mail Cup, the 2nd semifinal"]
[Site "2PFK"]
[Date "2003.??.??"]
[Round "?"]
[White "Sokolov, V.."]
[Black "Landik, Yu."]
[Result "1/2-1/2"]
[WhiteElo "2000"]
[BlackElo "2000"]
[PlyCount "55"]
[EventDate "2003.??.??"]

1. e4 e5 2. Nf3 Nc6 3. Bb5 a6 4. Ba4 Nf6 5. O-O b5 6. Bb3 Bc5 7. a4 Bb7 8. d3
O-O 9. Nc3 b4 10. Nd5 h6 11. Be3 d6 12. Bxc5 dxc5 13. a5 Nd4 14. Nxf6+ Qxf6 15.
Nxd4 cxd4 16. f4 Bc8 17. Qe1 Rb8 18. Qg3 Be6 19. fxe5 Qg5 20. Qxg5 hxg5 21.
Bxe6 fxe6 22. Rxf8+ Kxf8 23. Kf2 Rb5 24. Ra4 c5 25. b3 Rb8 26. Ra1 Ke7 27. Kg3
Rf8 28. h3 1/2-1/2

[Event "Ukrainian e-mail Cup, the 2nd semifinal"]
[Site "2PFK"]
[Date "2003.??.??"]
[Round "?"]
[White "Sukhov, N.."]
[Black "Zhila, V.."]
[Result "1-0"]
[WhiteElo "2000"]
[BlackElo "2000"]
[PlyCount "71"]
[EventDate "2003.??.??"]

1. e4 c5 2. Nf3 Nc6 3. d4 cxd4 4. Nxd4 Nf6 5. Nc3 e5 6. Ndb5 d6 7. Bg5 a6 8.
Na3 b5 9. Bxf6 gxf6 10. Nd5 Bg7 11. Bd3 Ne7 12. Nxe7 Qxe7 13. O-O O-O 14. c4 f5
15. Qh5 Qb7 16. Qh4 d5 17. exf5 f6 18. cxd5 Ra7 19. Be4 Qb6 20. Nc2 Rd7 21. a3
Bb7 22. Nb4 Qd4 23. Rab1 Rfd8 24. Nc6 Bxc6 25. dxc6 Rd6 26. Qg4 Kf8 27. Rbc1
Bh6 28. Rc3 Bf4 29. Qf3 Qb6 30. Bd5 Bd2 31. Rc2 Bg5 32. c7 Rc8 33. Be6 Rxc7 34.
Qa8+ Ke7 35. Qg8 Rd4 36. Qf7+ 1-0

[Event "Ukrainian e-mail Cup, the 2nd semifinal"]
[Site "2PFK"]
[Date "2003.??.??"]
[Round "?"]
[White "Ugrinovsky, A.."]
[Black "Zhelezny, A.."]
[Result "1-0"]
[WhiteElo "2275"]
[BlackElo "2000"]
[PlyCount "59"]
[EventDate "2003.??.??"]

1. c4 e5 2. Nc3 Nc6 3. g3 Nf6 4. Bg2 Bb4 5. a3 Bxc3 6. bxc3 O-O 7. d3 e4 8. d4
d5 9. Bg5 Be6 10. f3 e3 11. cxd5 Qxd5 12. Bxe3 Na5 13. Bd2 Nb3 14. Rb1 Nxd2 15.
Qxd2 Qa5 16. Nh3 Qxa3 17. O-O Rfb8 18. e4 Bc4 19. Rfe1 a5 20. f4 b5 21. Ng5 Qa2
22. Qc1 b4 23. cxb4 axb4 24. Rb2 Qa6 25. Nf3 Qa3 26. Ne5 Bb5 27. Rb1 Bd3 28.
Nxd3 Qxd3 29. Rd1 Qb5 30. Qc5 1-0

[Event "Ukrainian e-mail Cup, the 2nd semifinal"]
[Site "2PFK"]
[Date "2003.??.??"]
[Round "?"]
[White "Khudoly, K.."]
[Black "Dovzhenko, V.."]
[Result "1/2-1/2"]
[WhiteElo "2100"]
[BlackElo "2231"]
[PlyCount "65"]
[EventDate "2003.??.??"]

1. e4 e5 2. f4 exf4 3. Nf3 d5 4. exd5 Nf6 5. Bc4 Nxd5 6. O-O Be7 7. d4 Be6 8.
Qe2 O-O 9. Nc3 c6 10. Nxd5 Bxd5 11. Bxf4 Bxc4 12. Qxc4 Nd7 13. Rae1 Nb6 14. Qd3
Nd5 15. Bg3 Bf6 16. c4 Nc7 17. b3 Qd7 18. Bh4 Bxh4 19. Nxh4 g6 20. Nf3 Rad8 21.
Re4 Rde8 22. Rfe1 Rxe4 23. Rxe4 Re8 24. Rxe8+ Qxe8 25. Qd2 Qe7 26. Kf2 Kg7 27.
Qe3 Qxe3+ 28. Kxe3 Kf6 29. g4 h6 30. Ne5 Ke6 31. b4 Ne8 32. a4 Nd6 33. Kd3
1/2-1/2

[Event "Ukrainian e-mail Cup, the 2nd semifinal"]
[Site "2PFK"]
[Date "2003.??.??"]
[Round "?"]
[White "Bubir, A.."]
[Black "Degteriov, P.."]
[Result "1-0"]
[WhiteElo "2181"]
[BlackElo "2081"]
[PlyCount "89"]
[EventDate "2003.??.??"]

1. e4 c6 2. d4 d5 3. Nc3 dxe4 4. Nxe4 Nf6 5. Nxf6+ gxf6 6. c3 Nd7 7. Bd3 Nb6 8.
Ne2 h5 9. Nf4 h4 10. Qf3 Bh6 11. a4 Bxf4 12. Bxf4 Nd5 13. Bd2 Be6 14. a5 Qd7
15. h3 Nc7 16. Be4 a6 17. Qe2 O-O-O 18. Bf4 Rhg8 19. Bh2 Bb3 20. Qe3 e5 21. O-O
Ne6 22. dxe5 Ng5 23. Qa7 Nxe4 24. e6 Rxg2+ 25. Kxg2 Rg8+ 26. Bg3 Rxg3+ 27. fxg3
Qd3 28. Rf3 Qe2+ 29. Rf2 Nxf2 30. Qxf2 Bd5+ 31. Kg1 Qe4 32. Kh2 fxe6 33. Re1
hxg3+ 34. Kxg3 Qg6+ 35. Kh2 e5 36. Rf1 Kb8 37. c4 Be4 38. b4 Qg8 39. Rd1 Kc8
40. Qd2 f5 41. Qd7+ Kb8 42. Qd6+ Ka7 43. Qc5+ Ka8 44. Qg1 Qxg1+ 45. Rxg1 1-0

[Event "Ukrainian e-mail Cup, the 2nd semifinal"]
[Site "2PFK"]
[Date "2003.??.??"]
[Round "?"]
[White "Dovzhenko, V.."]
[Black "Bubir, A.."]
[Result "0-1"]
[WhiteElo "2231"]
[BlackElo "2181"]
[PlyCount "36"]
[EventDate "2003.??.??"]

1. e4 c5 2. b3 Nc6 3. Bb2 e5 4. Bc4 d6 5. Nc3 g6 6. Nge2 Bg7 7. O-O Nge7 8. d3
O-O 9. f4 Nd4 10. fxe5 Bxe5 11. Nxd4 cxd4 12. Nb5 a6 13. Nxd4 b5 14. Bd5 Nxd5
15. exd5 Qb6 16. c3 b4 17. Qd2 bxc3 18. Qxc3 Bb7 0-1

[Event "Ukrainian e-mail Cup, the 2nd semifinal"]
[Site "2PFK"]
[Date "2003.??.??"]
[Round "?"]
[White "Zhelezny, A.."]
[Black "Khudoly, K.."]
[Result "0-1"]
[WhiteElo "2000"]
[BlackElo "2100"]
[PlyCount "68"]
[EventDate "2003.??.??"]

1. c4 e6 2. Nc3 d5 3. d4 c6 4. Nf3 f5 5. Bf4 Nd7 6. cxd5 exd5 7. e3 Ngf6 8. Bd3
Ne4 9. O-O Be7 10. Rc1 O-O 11. Qb3 Rf7 12. h3 g5 13. Bh2 Bf6 14. Rfe1 h5 15.
Qc2 g4 16. hxg4 hxg4 17. Nd2 Bh4 18. Rf1 Nf8 19. Ne2 Rh7 20. Bxe4 fxe4 21. Ng3
Qf6 22. Rfe1 Qh6 23. Kf1 Bg5 24. Bg1 Ng6 25. Qb3 a5 26. Ndxe4 a4 27. Qc2 dxe4
28. Qc4+ Rf7 29. Nxe4 Be7 30. d5 Nh4 31. d6 Be6 32. Qb4 Bf8 33. Ke2 Bd5 34. Nc3
Bxd6 0-1

[Event "Ukrainian e-mail Cup, the 2nd semifinal"]
[Site "2PFK"]
[Date "2003.??.??"]
[Round "?"]
[White "Landik, Yu."]
[Black "Sukhov, N.."]
[Result "0-1"]
[WhiteElo "2000"]
[BlackElo "2000"]
[PlyCount "59"]
[EventDate "2003.??.??"]

1. e4 c5 2. Nf3 Nc6 3. d4 cxd4 4. c3 dxc3 5. Nxc3 e6 6. Bb5 a6 7. Bc4 Bb4 8.
Bg5 Nge7 9. O-O O-O 10. Qe2 d6 11. Rfd1 Qc7 12. Rac1 Bc5 13. a3 h6 14. b4 Ba7
15. Bh4 Ng6 16. Bg3 Rd8 17. Bd3 Qe7 18. Qb2 Nge5 19. Qe2 Bd7 20. Nxe5 dxe5 21.
Qh5 f6 22. Ne2 b5 23. Kh1 Rac8 24. f4 exf4 25. Nxf4 Qf7 26. Be2 Qxh5 27. Bxh5
Be3 28. Rc2 Nd4 29. Rc5 Be8 30. Bxe8 { } 0-1

[Event "Ukrainian e-mail Cup, the 2nd semifinal"]
[Site "2PFK"]
[Date "2003.??.??"]
[Round "?"]
[White "Krainyk, T.."]
[Black "Sokolov, V.."]
[Result "1/2-1/2"]
[WhiteElo "2200"]
[BlackElo "2000"]
[PlyCount "67"]
[EventDate "2003.??.??"]

1. e4 c5 2. Nf3 Nc6 3. d4 cxd4 4. Nxd4 Nf6 5. Nc3 e6 6. Ndb5 Bb4 7. a3 Bxc3+ 8.
Nxc3 d5 9. exd5 exd5 10. Bd3 O-O 11. O-O d4 12. Ne2 Bg4 13. f3 Bh5 14. Bg5 Bg6
15. Bh4 Re8 16. Bxg6 hxg6 17. Bf2 Qb6 18. Nxd4 Qxb2 19. Qd3 Ne5 20. Qb5 Qxb5
21. Nxb5 Rec8 22. Rfe1 Nc6 23. c4 b6 24. c5 bxc5 25. Bxc5 a6 26. Nd6 Rd8 27.
Rad1 Rab8 28. Rd2 Rb3 29. Re3 Rxe3 30. Bxe3 Ne8 31. Nxe8 Rxe8 32. Bf4 Re1+ 33.
Kf2 Ra1 34. Rd6 1/2-1/2

[Event "Ukrainian e-mail Cup, the 2nd semifinal"]
[Site "2PFK"]
[Date "2003.??.??"]
[Round "?"]
[White "Kuznetsov, I.."]
[Black "Svidlo, A.."]
[Result "1-0"]
[WhiteElo "2000"]
[BlackElo "2000"]
[PlyCount "51"]
[EventDate "2003.??.??"]

1. e4 e5 2. Nf3 Nf6 3. Nxe5 d6 4. Nf3 Nxe4 5. d4 d5 6. Bd3 Be7 7. O-O Nc6 8. c4
O-O 9. Nc3 Nxc3 10. bxc3 dxc4 11. Bxc4 Na5 12. Bd3 c5 13. d5 Bf6 14. Be3 c4 15.
Be4 Bxc3 16. Bxh7+ Kxh7 17. Qc2+ Kg8 18. Ng5 f5 19. Qxc3 f4 20. Bc5 Rf5 21. h4
Qxd5 22. Ba3 Bd7 23. Rfd1 Qb5 24. Rab1 Qc6 25. Rd6 Qc7 26. Bb2 1-0

[Event "Ukrainian e-mail Cup, the 2nd semifinal"]
[Site "2PFK"]
[Date "2003.??.??"]
[Round "?"]
[White "Kulik, G.."]
[Black "Saenko, O.."]
[Result "0-1"]
[WhiteElo "2100"]
[BlackElo "2291"]
[PlyCount "56"]
[EventDate "2003.??.??"]

1. e4 c5 2. Nf3 d6 3. d4 cxd4 4. Nxd4 Nf6 5. Nc3 Nc6 6. Bg5 e6 7. Qd2 a6 8.
O-O-O h6 9. Be3 Nxd4 10. Bxd4 b5 11. f4 Be7 12. Bd3 b4 13. Ne2 e5 14. Be3 Qa5
15. Kb1 O-O 16. Ng3 exf4 17. Bxf4 Be6 18. b3 Rfe8 19. Rhf1 Rac8 20. Be3 Ng4 21.
Bd4 Bg5 22. Qe1 Bh4 23. h3 Ne5 24. Qe3 Bg5 25. Qe2 g6 26. Be3 Bh4 27. Nh1 Rc3
28. Bd2 Rec8 0-1

[Event "Ukrainian e-mail Cup, the 2nd semifinal"]
[Site "2PFK"]
[Date "2003.??.??"]
[Round "?"]
[White "Omesj, V.."]
[Black "Rybchenko, A.."]
[Result "0-1"]
[WhiteElo "2000"]
[BlackElo "2105"]
[PlyCount "72"]
[EventDate "2003.??.??"]

1. e4 e5 2. Nf3 Nc6 3. Bb5 g6 4. c3 a6 5. Bc4 d6 6. d4 Bg7 7. Bg5 Qd7 8. h3 h6
9. Be3 Nge7 10. dxe5 dxe5 11. Qe2 b5 12. Bb3 Na5 13. Nbd2 Qc6 14. Bc2 Be6 15.
O-O O-O 16. Ne1 Rad8 17. f3 Rd6 18. Bb3 Nxb3 19. axb3 f5 20. Nd3 f4 21. Bc5
Rxd3 22. Bxe7 Qd7 23. Bxf8 Rxd2 24. Qe1 Bxf8 25. Rd1 Bc5+ 26. Kh2 Rxd1 27. Qxd1
Qe7 28. g3 fxg3+ 29. Kg2 h5 30. b4 Be3 31. Qd3 Qh4 32. Rh1 Bf4 33. Qc2 Qd8 34.
Qd1 Qc8 35. h4 Kg7 36. Qd3 Kh6 0-1

[Event "Ukrainian e-mail Cup, the 2nd semifinal"]
[Site "2PFK"]
[Date "2003.??.??"]
[Round "?"]
[White "Saenko, O.."]
[Black "Omesj, V.."]
[Result "1-0"]
[WhiteElo "2291"]
[BlackElo "2000"]
[PlyCount "65"]
[EventDate "2003.??.??"]

1. e4 Nf6 2. e5 Nd5 3. d4 d6 4. Nf3 Bg4 5. Be2 e6 6. c4 Nb6 7. exd6 cxd6 8. h3
Bh5 9. Qb3 N8d7 10. a4 Rb8 11. a5 Nc8 12. O-O Be7 13. Bf4 O-O 14. Rd1 b6 15. a6
Bxf3 16. Bxf3 Bg5 17. Bh2 Qe7 18. Nc3 Rd8 19. Na2 e5 20. Nb4 e4 21. Nc6 Qe8 22.
Qb5 Nf6 23. Be2 h6 24. Nxb8 Qxb5 25. cxb5 Ne7 26. Nc6 Nxc6 27. bxc6 Ne8 28. Bg4
Kf8 29. Bf5 e3 30. Bd7 exf2+ 31. Kxf2 Bh4+ 32. Kg1 Be7 33. Re1 1-0

[Event "Ukrainian e-mail Cup, the 2nd semifinal"]
[Site "2PFK"]
[Date "2003.??.??"]
[Round "?"]
[White "Svidlo, A.."]
[Black "Kulik, G.."]
[Result "0-1"]
[WhiteElo "2000"]
[BlackElo "2100"]
[PlyCount "36"]
[EventDate "2003.??.??"]

1. e4 e5 2. Bc4 Nf6 3. d3 c6 4. Qe2 Bc5 5. Nf3 O-O 6. Nxe5 d5 7. exd5 cxd5 8.
Bb3 Re8 9. f4 Nc6 10. Ba4 Qa5+ 11. Nc3 d4 12. Bxc6 bxc6 13. Bd2 dxc3 14. Bxc3
Bb4 15. Qd2 Bxc3 16. Qxc3 Qxc3+ 17. bxc3 Nd7 18. O-O Nxe5 0-1

[Event "Ukrainian e-mail Cup, the 2nd semifinal"]
[Site "2PFK"]
[Date "2003.??.??"]
[Round "?"]
[White "Sokolov, V.."]
[Black "Kuznetsov, I.."]
[Result "1/2-1/2"]
[WhiteElo "2000"]
[BlackElo "2000"]
[PlyCount "101"]
[EventDate "2003.??.??"]

1. e4 c5 2. Nf3 Nc6 3. d4 cxd4 4. Nxd4 Nf6 5. Nc3 d6 6. Bg5 e6 7. Qd2 a6 8.
O-O-O Bd7 9. f3 b5 10. Nxc6 Bxc6 11. Kb1 Be7 12. Bf4 b4 13. Ne2 e5 14. Bg3 Qb8
15. Be1 a5 16. g4 O-O 17. Ng3 Rc8 18. g5 Ne8 19. Nf5 Qc7 20. Bc4 a4 21. Qg2
Rab8 22. g6 hxg6 23. Qxg6 Bf6 24. Bf2 Bxe4 25. Qxf7+ Qxf7 26. Bxf7+ Kxf7 27.
fxe4 Ke6 28. Rhg1 b3 29. axb3 axb3 30. cxb3 Rxb3 31. Ne3 Bd8 32. Rg6+ Kf7 33.
Rg4 Rcb8 34. Nc4 R3b4 35. Rc1 Nf6 36. Rg2 Nxe4 37. Be1 Ra4 38. Re2 d5 39. Nxe5+
Ke6 40. Nc6 Rba8 41. Nxd8+ Rxd8 42. h4 Kf5 43. Rc7 g6 44. Rf7+ Ke6 45. Rg7 Kf6
46. Rc7 Rda8 47. Kc2 R8a7 48. Rxa7 Rxa7 49. Kd3 Ra1 50. Bc3+ Kf5 51. Re1
1/2-1/2

[Event "Ukrainian e-mail Cup, the 2nd semifinal"]
[Site "2PFK"]
[Date "2003.??.??"]
[Round "?"]
[White "Sukhov, N.."]
[Black "Krainyk, T.."]
[Result "1/2-1/2"]
[WhiteElo "2000"]
[BlackElo "2100"]
[PlyCount "57"]
[EventDate "2003.??.??"]

1. e4 e5 2. Nf3 Nc6 3. d4 exd4 4. Nxd4 Bc5 5. Nb3 Bb6 6. a4 Qf6 7. Qe2 a6 8.
Nc3 Nge7 9. Nd5 Nxd5 10. exd5+ Ne7 11. h4 d6 12. a5 Ba7 13. Ra4 Qf5 14. Re4 Qd7
15. h5 f5 16. Reh4 O-O 17. Qf3 Re8 18. Be2 c6 19. dxc6 Nxc6 20. O-O Qf7 21. Bc4
Be6 22. Bxe6 Rxe6 23. Rf4 Re5 24. Bd2 Rf8 25. Be3 Bxe3 26. fxe3 Qe8 27. Nd4 g6
28. c3 Kg7 29. hxg6 1/2-1/2

[Event "Ukrainian e-mail Cup, the 2nd semifinal"]
[Site "2PFK"]
[Date "2003.??.??"]
[Round "?"]
[White "Ugrinovsky, A.."]
[Black "Landik, Yu."]
[Result "1-0"]
[WhiteElo "2275"]
[BlackElo "2000"]
[PlyCount "91"]
[EventDate "2003.??.??"]

1. e4 e5 2. f4 exf4 3. Nf3 d5 4. exd5 Nf6 5. c4 c6 6. Nc3 cxd5 7. cxd5 Nxd5 8.
Qb3 Nb6 9. d4 Be6 10. Qb5+ Nc6 11. Bxf4 a6 12. Qd3 Nd5 13. Bg3 Bd6 14. Bxd6
Qxd6 15. Qd2 O-O 16. Ne4 Qe7 17. Kf2 Rad8 18. Re1 Qb4 19. Rd1 Qxd2+ 20. Rxd2
Bf5 21. Ng3 Bg4 22. Be2 Rfe8 23. Rc1 Nf4 24. Bc4 Kf8 25. d5 Nb4 26. Rcd1 b5 27.
Bb3 a5 28. h3 a4 29. hxg4 axb3 30. a3 Nc2 31. Ne2 Nxe2 32. Rxe2 Rxe2+ 33. Kxe2
Re8+ 34. Kf2 Ne3 35. Rd4 Nc4 36. a4 Nd6 37. axb5 Nxb5 38. Rb4 Nc7 39. d6 Na6
40. Rb6 Nc5 41. Nd2 Nd3+ 42. Kf3 Ne5+ 43. Kg3 Rd8 44. Kf4 f6 45. Kf5 Kf7 46. g5
1-0

[Event "Ukrainian e-mail Cup, the 2nd semifinal"]
[Site "2PFK"]
[Date "2003.??.??"]
[Round "?"]
[White "Khudoly, K.."]
[Black "Zhila, V.."]
[Result "1-0"]
[WhiteElo "2100"]
[BlackElo "2000"]
[PlyCount "31"]
[EventDate "2003.??.??"]

1. d4 d5 2. f4 Bg4 3. Nd2 e6 4. Ngf3 Nf6 5. e3 c5 6. c3 Nbd7 7. Bd3 cxd4 8.
exd4 Bd6 9. h3 Bh5 10. g4 Bg6 11. f5 Bg3+ 12. Kf1 exf5 13. gxf5 Bxf5 14. Qe2+
Qe7 15. Qxe7+ Kxe7 16. Bxf5 1-0

[Event "Ukrainian e-mail Cup, the 2nd semifinal"]
[Site "2PFK"]
[Date "2003.??.??"]
[Round "?"]
[White "Bubir, A.."]
[Black "Zhelezny, A.."]
[Result "1-0"]
[WhiteElo "2181"]
[BlackElo "2000"]
[PlyCount "57"]
[EventDate "2003.??.??"]

1. e4 c5 2. Nf3 Nc6 3. Nc3 g6 4. d4 cxd4 5. Nxd4 Bg7 6. Be3 Nf6 7. Bc4 O-O 8.
Bb3 d6 9. f3 Nxd4 10. Bxd4 Bd7 11. Qd2 a5 12. a4 e5 13. Be3 Be6 14. Ra3 Qd7 15.
O-O Rfc8 16. Rd1 Bxb3 17. Rxb3 Rc6 18. Qd3 Rac8 19. Qb5 Qd8 20. Bb6 Qe7 21.
Qxa5 Bh6 22. Bf2 Bg5 23. Rb5 R8c7 24. Qb4 Bh6 25. a5 Bg5 26. Qb3 Kg7 27. h4 Bh6
28. g4 Rxc3 29. bxc3 1-0

[Event "Ukrainian e-mail Cup, the 2nd semifinal"]
[Site "2PFK"]
[Date "2003.??.??"]
[Round "?"]
[White "Degteriov, P.."]
[Black "Dovzhenko, V.."]
[Result "1-0"]
[WhiteElo "2081"]
[BlackElo "2231"]
[PlyCount "59"]
[EventDate "2003.??.??"]

1. e4 e5 2. Nf3 Nc6 3. Bb5 f5 4. Nc3 fxe4 5. Nxe4 d5 6. Nxe5 dxe4 7. Nxc6 Qd5
8. c4 Qd6 9. Nxa7+ c6 10. Nxc8 Rxc8 11. Ba4 Nf6 12. O-O Be7 13. d4 exd3 14. Bb3
Rd8 15. Be3 Qe5 16. Re1 Qf5 17. c5 Ne4 18. Bc4 Nxc5 19. a4 Rf8 20. b4 d2 21.
Bxc5 dxe1=Q+ 22. Qxe1 Qg5 23. Ra2 Rd7 24. Re2 Kd8 25. Bb6+ Ke8 26. g3 g6 27. b5
Rf3 28. Kg2 Rf7 29. bxc6 bxc6 30. a5 1-0